Statistics for Fast typing to 15

Click here to take the quiz!

General Stats

  • This quiz has been taken 1,752 times
  • The average score is 14 of 15

Answer Stats

HintAnswer% Correct
1
100%
2
99%
3
99%
4
98%
5
98%
6
98%
7
97%
9
97%
8
96%
10
95%
11
94%
12
94%
13
94%
14
93%
15
92%

Score Distribution

Percentile by Number Answered

Percent of People with Each Score

Your Score History

You have not taken this quiz